ბათუმის შოთა რუსთაველის სახელმწიფო უნივერსიტეტის ბიბლიოთეკა

ჩანაწერი Personal Name

ჩანაწერთა რაოდენობა, რომელიც გამოყენებულია: 1

001 - CONTROL NUMBER

  • control field: 7364

003 - CONTROL NUMBER IDENTIFIER

  • control field: GE_BSU

005 - DATE AND TIME OF LATEST TRANSACTION

  • control field: 20200224110756.0

008 - FIXED-LENGTH DATA ELEMENTS

  • fixed length control field: 200224|| aca||aabn | a|a d

040 ## - CATALOGING SOURCE

  • Original cataloging agency: GE_BSU
  • Transcribing agency: GE_BSU

100 ## - HEADING--PERSONAL NAME

  • Personal name: ბათიაშვილი, ბ.

670 ## - SOURCE DATA FOUND

  • Source citation: Work cat.: (GE_BSU)52507: ბათიაშვილი, ბ., ქართული ენის გრამატიკის სასკოლო სახელმძღვანელოთა (1921-1961 წწ.) აგების ძირითადი პრინციპები /